International Marketing : (Record no. 15266)
[ view plain ]
| 000 -LEADER | |
|---|---|
| fixed length control field | 01648pam a2200325 a 4500 |
| 001 - CONTROL NUMBER | |
| control field | 1053888 |
| 005 - DATE AND TIME OF LATEST TRANSACTION | |
| control field | 19910604094409.1 |
| 008 - FIXED-LENGTH DATA ELEMENTS--GENERAL INFORMATION | |
| fixed length control field | 900412s2006 enkabf |rb 001 0 eng |
| 010 ## - LIBRARY OF CONGRESS CONTROL NUMBER | |
| LC control number | 90036665 |
| 020 ## - INTERNATIONAL STANDARD BOOK NUMBER | |
| International Standard Book Number | 1844801322 |
| 020 ## - INTERNATIONAL STANDARD BOOK NUMBER | |
| International Standard Book Number | 9781844801329 |
| 040 ## - CATALOGING SOURCE | |
| Original cataloging agency | DLC |
| Transcribing agency | DLC |
| Modifying agency | DLC |
| -- | DLC |
| 050 00 - LIBRARY OF CONGRESS CALL NUMBER | |
| Classification number | HF1416 |
| Item number | .D34 1991 |
| 082 00 - DEWEY DECIMAL CLASSIFICATION NUMBER | |
| Classification number | 658.848 |
| Edition number | 22 |
| Item number | MUH |
| 100 1# - MAIN ENTRY--PERSONAL NAME | |
| Personal name | Muhlbacher, Hans |
| 9 (RLIN) | 23748 |
| 245 10 - TITLE STATEMENT | |
| Title | International Marketing : |
| Remainder of title | A Global Perspective / |
| Statement of responsibility, etc | Hans Muhlbacher, Hemuth Leihs &Lee D. Dahringer |
| 250 ## - EDITION STATEMENT | |
| Edition statement | 3rd ed. |
| 260 ## - PUBLICATION, DISTRIBUTION, ETC. (IMPRINT) | |
| Place of publication, distribution, etc | Reading, Mass. : |
| Name of publisher, distributor, etc | Thomson, 2006 |
| Date of publication, distribution, etc | 2006 |
| 300 ## - PHYSICAL DESCRIPTION | |
| Extent | 737 p. : |
| Other physical details | ill. (some col.), maps ; |
| Dimensions | 24 cm. |
| 504 ## - BIBLIOGRAPHY, ETC. NOTE | |
| Bibliography, etc | Includes bibliographical references and indexes. |
| 650 #0 - SUBJECT ADDED ENTRY--TOPICAL TERM | |
| Topical term or geographic name as entry element | Export marketing |
| General subdivision | Management. |
| 9 (RLIN) | 23751 |
| 653 ## - INDEX TERM--UNCONTROLLED | |
| Resource For college | |
| Arrived date list | April2011 |
| 700 1# - ADDED ENTRY--PERSONAL NAME | |
| Personal name | Leihs, Helmuth |
| Dates associated with a name | 1949- |
| 9 (RLIN) | 23749 |
| 700 1# - ADDED ENTRY--PERSONAL NAME | |
| Personal name | Dahringer, Lee |
| Dates associated with a name | 1949- |
| 9 (RLIN) | 23750 |
| 942 ## - ADDED ENTRY ELEMENTS (KOHA) | |
| Source of classification or shelving scheme | Dewey Decimal Classification |
| Item type | Book - Borrowing |
| Withdrawn status | Item status | Source of classification or shelving scheme | Damaged status | Not for loan | Vendor | Home library | Current library | Shelving location | Date acquired | Source of acquisition | Cost, normal purchase price | Total Checkouts | Total Renewals | Full call number | Barcode | Date last seen | Date last borrowed | Koha item type | Checked out |
|---|---|---|---|---|---|---|---|---|---|---|---|---|---|---|---|---|---|---|---|
| Dewey Decimal Classification | Baccah | Central Library | Central Library | First floor | 11/05/2011 | 260.00 | 3 | 8 | 658.848 MUH | 000023145 | 15/07/2025 | 18/11/2015 | Book - Borrowing | ||||||
| Lost | Dewey Decimal Classification | Baccah | Central Library | Central Library | First floor | 12/05/2011 | 260.00 | 4 | 3 | 658.848 MUH | 000023543 | 07/04/2014 | 07/04/2014 | Book - Borrowing | 14/04/2014 | ||||
| Dewey Decimal Classification | Baccah | Central Library | Central Library | First floor | 22/09/2011 | 260.00 | 2 | 1 | 658.848 MUH | 000003281 | 15/07/2025 | 07/04/2019 | Book - Borrowing |